Diccionario Etimológico de las voces chilenas derivadas de lenguas americanas. Publicado como Anexo en los Anales de la Universidad de Chile
Αποθηκεύτηκε σε:
| Κύριος συγγραφέας: | |
|---|---|
| Μορφή: | Βιβλίο |
| Γλώσσα: | Ισπανικά |
| Έκδοση: |
Santiago
Imprenta Cervantes,Bandera 50
1904
|
| Έκδοση: | 1a. ed |
| Θέματα: | |
| Ετικέτες: |
Προσθήκη ετικέτας
Δεν υπάρχουν, Καταχωρήστε ετικέτα πρώτοι!
|
MARC
| LEADER | 00000nam a2200000 a 4500 | ||
|---|---|---|---|
| 001 | UCJ8598 | ||
| 003 | CL-VaPUC | ||
| 008 | 070124e19040000CL |||||||||||||||||spa|d | ||
| 082 | 0 | 4 | |a 467 |b LEN |2 21 |
| 100 | |a Lenz, Rodolfo |e author |9 477713 | ||
| 245 | 1 | 0 | |a Diccionario Etimológico de las voces chilenas derivadas de lenguas americanas. Publicado como Anexo en los Anales de la Universidad de Chile |
| 250 | |a 1a. ed | ||
| 300 | |a pág. irreg | ||
| 942 | |c BK | ||
| 945 | |d 20070124 00:00:00 |a rinostro | ||
| 260 | |a Santiago |b Imprenta Cervantes,Bandera 50 |c 1904 | ||
| 650 | 7 | |a DICCIONARIO |2 CL-VaPUC |9 517449 | |
| 650 | 7 | |a ETIMOLOGIAS |2 CL-VaPUC |9 505919 | |
| 650 | 7 | |a LENGUAS ABORIGENES |2 CL-VaPUC |9 445955 | |
| 650 | 0 | |a Mapuche |9 344248 | |
| 650 | 7 | |a QUECHUA |2 CL-VaPUC |9 316681 | |
| 650 | 0 | |a Aymara |9 435050 | |
| 583 | |a last modification |c 20070124 00:00:00 |k Rodrigo Vera | ||
| 999 | |c 324270 |d 324268 | ||
| 952 | |0 0 |1 0 |4 0 |6 467_000000000000000_LEN_1904 |7 0 |8 X |9 404302 |a FDOBUD |b FDOBUD |d 2019-11-22 |i 1080415 |o 467 LEN 1904 |p 1080415 |r 2019-11-22 |w 2019-11-22 |y BK_X |k BUD | ||